000 00426nam a2200181Ia 4500
003 OSt
005 20240305142856.0
008 210210b1947 xxu||||| |||| 00| 0 eng d
040 _cAL
041 _aeng
082 _a822/725
100 _aLOW (A M)
_9152936
245 _aScience in industry
260 _aLondon
_bOxford University Press
_c1947
690 _aEnglish Prose
_9152940
906 _a012909
942 _2ddc
_cBK
999 _c131740
_d131740